000 00257nam a2200109Ia 4500
008 200302s9999 xx 000 0 und d
100 _aLarte Nella Casa
245 _aDomus - Vol:3 : 1950--1954
260 _bTaschen Publisher
260 _c2006
300 _a580
999 _c4660
_d4660